[Event "Novi Sad op-B"]
[Site "Novi Sad"]
[Date "2008.04.10"]
[Round "5"]
[White "Milanovic, Nemanja"]
[Black "Filipovic, Tomislav S"]
[Result "0-1"]
[WhiteElo "1864"]
[BlackElo "1998"]
[PlyCount "104"]
[EventDate "2008.04.06"]
[EventType "swiss"]
[EventRounds "9"]
[EventCountry "YUG"]
[SourceTitle "EXT 2011"]
[Source "ChessBase"]
[SourceDate "2010.11.26"]
[SourceVersion "1"]
[SourceVersionDate "2010.11.26"]
[SourceQuality "1"]

1. e4 e6 2. Qe2 c5 3. Nf3 Nc6 4. c3 d5 5. d3 Be7 6. g3 dxe4 7. dxe4 Nf6 8. Bg2 0-0 9. e5 Nd5 10. 0-0 Qc7 11. Re1 a6 12. a4 Bd7 13. Na3 Na5 14. Qc2 c4 15. Bg5 h6 16. Bxe7 Nxe7 17. Rad1 Bc6 18. Rd4 Bd5 19. Rg4 Ng6 20. Qe2 Rac8 21. Nd4 Bxg2 22. Kxg2 Rfd8 23. Qe4 Qd7 24. Kg1 Rc5 25. f4 Ne7 26. Nac2 Nac6 27. Rd1 Nf5 28. Ne3 Nxe3 29. Qxe3 Rd5 30. f5 exf5 31. Rf4 Rxe5 32. Qf2 g6 33. Rf1 Re4 34. Rxe4 fxe4 35. Nxc6 bxc6 36. Qf4 Qe7 37. Re1 f5 38. Qxh6 Rd6 39. Qf4 Kg7 40. g4 Rf6 41. g5 Re6 42. h4 Qd6 43. Qe3 c5 44. Re2 f4 45. Qf2 f3 46. Rd2 Qc6 47. Qe3 Qc7 48. Kf1 Re7 49. Rd5 Qg3 50. Rxc5 Rd7 51. Rc7 Qg2+ 52. Ke1 f2+ 0-1

[Event "Senta op-B 11th"]
[Site "Senta"]
[Date "2007.07.22"]
[Round "4"]
[White "Milisavljevic, Mihailo"]
[Black "Filipovic, Tomislav S"]
[Result "1/2-1/2"]
[WhiteElo "1965"]
[BlackElo "2067"]
[PlyCount "83"]
[EventDate "2007.07.20"]
[EventType "swiss"]
[EventRounds "9"]
[EventCountry "SRB"]
[SourceTitle "EXT 2023"]
[Source "ChessBase"]
[SourceDate "2022.10.05"]
[SourceVersion "1"]
[SourceVersionDate "2022.10.05"]
[SourceQuality "1"]

1. e4 c5 2. c3 e6 3. d4 cxd4 4. cxd4 Nf6 5. e5 Nd5 6. Nf3 Nc6 7. Bc4 Bb4+ 8. Bd2 Qa5 9. 0-0 Bxd2 10. Nbxd2 0-0 11. Nb3 Qb4 12. Bxd5 exd5 13. Qd3 g6 14. Qe3 Kg7 15. Qg5 Qe7 16. Qg3 b6 17. Nh4 Qe6 18. f4 f5 19. a3 Ba6 20. Rf2 Bc4 21. Rd1 Qe7 22. Nd2 Ba6 23. Nf1 Bxf1 24. Rfxf1 Rac8 25. b4 a6 26. Nf3 Na7 27. Rc1 Nb5 28. Nd2 Nxd4 29. Qd3 Rxc1 30. Rxc1 Ne6 31. g3 b5 32. Qxd5 Rb8 33. Nf3 h6 34. Rd1 Nf8 35. e6 Qxe6 36. Qe5+ Qxe5 37. Nxe5 Rb7 38. Rd6 a5 39. Rd5 axb4 40. axb4 Rb6 41. Rd6 g5 42. Kf2 1/2-1/2